000 00586nam a2200169Ia 4500
008 180921t2021 xxu||||| |||| 00| 0 sin d
041 _asin
080 _a8-31
_bට්වේන්
100 _aට්වේන්, මාක්
245 _aඈත අතීතයට ගිය ඇමෙරිකානුවා
260 _bවිදර්ශන
_aදෙහිවල
_c2021
300 _aසෙ.මි.20, පි.464
700 _aරාණි සේනාරත්න රාජපක්ෂ
_eපරි.
942 _cBK
999 _c10739
_d10739
003 LK-CoDNM
040 _aLK-CoDNM
_dLK-CoDNM
_eLK-CoDNM